POLITICAL GEOGRAPHY (Record no. 3031)
[ view plain ]
| 000 -LEADER | |
|---|---|
| fixed length control field | 00445cam a2200181ua 4500 |
| 008 - FIXED-LENGTH DATA ELEMENTS--GENERAL INFORMATION | |
| fixed length control field | 160622n1987 II |||gr||||Z||||||eng |
| 040 ## - CATALOGING SOURCE | |
| Original cataloging agency | MAIN |
| 041 ## - LANGUAGE CODE | |
| -- | English |
| 082 ## - DEWEY DECIMAL CLASSIFICATION NUMBER | |
| Classification number | 320.12 DIK |
| 100 ## - MAIN ENTRY--PERSONAL NAME | |
| Personal name | DIKSHIT, R. D. |
| 245 ## - TITLE STATEMENT | |
| Title | POLITICAL GEOGRAPHY |
| 260 ## - PUBLICATION, DISTRIBUTION, ETC. | |
| Place of publication, distribution, etc. | NEW DELHI |
| Name of publisher, distributor, etc. | TATA MCGREW HILL PUBLISHING CO. |
| Date of publication, distribution, etc. | 1987 |
| 300 ## - PHYSICAL DESCRIPTION | |
| Extent | 268: |
| Dimensions | 20CM. |
| 700 ## - ADDED ENTRY--PERSONAL NAME | |
| Personal name | DIKSHIT, R. D., |
| Relator term | Author. |
| 942 ## - ADDED ENTRY ELEMENTS (KOHA) | |
| Koha item type | Books |
| 653 ## - INDEX TERM--UNCONTROLLED | |
| Uncontrolled term | Human Geography |
| Withdrawn status | Lost status | Damaged status | Not for loan | Collection code | Home library | Current library | Shelving location | Date acquired | Full call number | Barcode | Date last seen | Copy number | Price effective from | Koha item type | Public note | Total Checkouts | Date last checked out |
|---|---|---|---|---|---|---|---|---|---|---|---|---|---|---|---|---|---|
| TBGEO | Central Library and Information Centre Sibsagar Girls College | Central Library and Information Centre Sibsagar Girls College | Hostel Library | 07.03.1985 | 320.12 DIK | 11315 | 27.02.2020 | 1 | 27.02.2020 | Books | |||||||
| REFGEO | Central Library and Information Centre Sibsagar Girls College | Central Library and Information Centre Sibsagar Girls College | GEOGRAPHY BOOK RACK | 07.03.1985 | 320.12 DIK | 11316 | 27.02.2020 | 2 | 27.02.2020 | Books | V | ||||||
| REFGEO | Central Library and Information Centre Sibsagar Girls College | Central Library and Information Centre Sibsagar Girls College | GEOGRAPHY BOOK RACK | 07.03.1985 | 320.12 DIK | 11317 | 20.06.2022 | 3 | 27.02.2020 | Books | V | 1 | 10.06.2022 | ||||
| TBPSC | Central Library and Information Centre Sibsagar Girls College | Central Library and Information Centre Sibsagar Girls College | Political Science Rack | 07.03.1985 | 320.12 DIK | 11318 | 27.02.2020 | 4 | 27.02.2020 | Books |